Missing Word: 1987 Movies Quiz Stats

 Plays Quiz Updated Jan 8, 2019

Support Sporcle.
Go Orange.
Score 0/20 Timer 04:00
0 Plays Today
Hint Answer % Correct
Full ________ JacketMetal
98%
Lethal ________Weapon
97.4%
Good ______, VietnamMorning
96.9%
_______ DancingDirty
96.8%
Three Men and a ______Baby
94%
Fatal _______Attraction
92.7%
The ______ of EastwickWitches
89.3%
No ____ OutWay
88.4%
The ______ EmperorLast
83.4%
The ________ BridePrincess
82.7%
Hint Answer % Correct
Raising ________Arizona
78.6%
Hamburger ______ Hill
71.8%
_______ of the SunEmpire
62%
_____ DateBlind
51.3%
The Brave Little _______Toaster
49.1%
______ NewsBroadcast
47.3%
The Living _______Daylights
45.3%
The ______ ManRunning
42.7%
_______ StreetWall
30.9%
______: The RevengeJaws
25%

Today's Daily Dose

Missing Word
50 Cent Songs

Word Ladder
Close Gunshot

Quick Pick
Pop Punk Bands

Get the Picture
An 'S' in Disney

From the Vault

Figure Out the Lyrics

by awix

The first step in getting this song in your head, is to figure out what it is.
Remove Ads.
Support Sporcle.
Get the best of Sporcle when you Go Orange. This ad-free experience offers more features, more stats, and more fun while also helping to support Sporcle. Thank you for becoming a member.

Show Comments

Extras

Top Quizzes Today


Score Distribution

Your Account Isn't Verified!

In order to create a playlist on Sporcle, you need to verify the email address you used during registration. Go to your Sporcle Settings to finish the process.

Report this User

Report this user for behavior that violates our Community Guidelines.

Details: